000 02361nam0a2200433 4500
001 RU\NLR\BIBL_A\022711109
005 20260402162138.0
010 _a978-5-904868-32-1
_9500
021 _aRU
_bКН-П-25-074352
_9КН-П-25-7212
035 _a(NLR Aleph) 022711109
090 _a13649940
_c13649940
100 _a20260129d2025 k y0rusy50 ca
101 0 _arus
_deng
102 _aRU
105 _aa z 000zy
181 0 _ai3
_baxxe
182 0 _an
200 1 _aГеоэкологические аспекты инженерной сейсмологии
_dGeoecological aspects of engineering seismology
_eмонография
_fВ. Б. Заалишвили, Д. А. Мельков, М. И. Фидарова
_gГеофизический институт Владикавказского научного центра Российской академии наук
_zeng
203 _aТекст
_bвизуальный
_cнепосредственный
210 _aВладикавказ
_cГФИ ВНЦ РАН
_d2025
215 _a214, [1] с.
_cил., цв. ил.
_d21
300 _aАвт. также на англ. яз.: V.B. Zaalishvili, D.A. Melkov, M.I. Fidarova
300 _aРез. на англ. яз.
320 _aБиблиогр. в конце кн. (171 назв.)
510 1 _6z01790
_aGeoecological aspects of engineering seismology
_zeng
606 1 _aГеодинамические процессы
_yСеверная Осетия-Алания, Республика
_2nlr_sh2
_3RU\NLR\AUTH\6601719640
606 1 _aГеоэкология высокогорная
_yСеверная Осетия-Алания, Республика
_2nlr_sh2
_3RU\NLR\AUTH\6601719641
606 1 _aЗемлетрясения
_xИнтенсивность
_xОценка
_2nlr_sh1
_2nlr_sh2
_3RU\NLR\AUTH\66434525
686 1 _aД217.22
686 1 _aД389(2Р37-6С)
686 1 _aД821.29(2Р37-6С)
700 1 _aЗаалишвили
_bВ. Б.
_f1949-
_gВладислав Борисович
_3RU\NLR\AUTH\7792426
701 1 _aМельков
_bД. А.
_gДмитрий Андреевич
701 1 _aФидарова
_bМ.И.
_gМадина Ивановна
790 1 _6z01510
_aZaališvili
_bV.B.
_gVladislav Borisovič
_3RU\NLR\auth\7792427
942 _cBOOK
980 _aNB